[Event "1. OEsterreichische Internet Schach Meisterschaft - Vorrunde 3"]
[Site "Online - Playchess.com"]
[Date ""]
[Round "8"]
[Board "20"]
[White "Bachlechner, Julian"]
[Black "Sadilek, Peter"]
[Result "0-1"]
[WhiteElo "2214"]
[BlackElo "2340"]
[PlyCount "50"]
[EventDate "2020.04.17"]
[EventRounds "9"]
[EventCountry "AUT"]

1. d4 Nf6 2. c4 e6 3. Nc3 Bb4 4. f3 O-O 5. e4 c5 6. d5 b5 7. Bg5 h6 8. Bh4 Re8 9.
dxe6 Rxe6 10. a3 Nxe4 11. Bxd8 Nxc3+ 12. Kf2 Nxd1+ 13. Rxd1 Nc6 14. axb4 Nxd8 15.
bxc5 bxc4 16. Bxc4 Re5 17. b4 Rb8 18. Rb1 a5 19. f4 Re4 20. Bd3 Rexb4 21. Rxb4 axb4
22. Nf3 Ne6 23. Ne5 Nxc5 24. Bc4 Bb7 25. Nxf7 d5  0-1

[Event "1. OEsterreichische Internet Schach Meisterschaft - Vorrunde 3"]
[Site "Online - Playchess.com"]
[Date ""]
[Round "8"]
[Board "21"]
[White "Flir, Emilio"]
[Black "Wohlfahrt, Herbert"]
[Result "0-1"]
[WhiteElo "1843"]
[BlackElo "2285"]
[PlyCount "124"]
[EventDate "2020.04.17"]
[EventRounds "9"]
[EventCountry "AUT"]

1. d4 Nf6 2. c4 e6 3. Nf3 b6 4. Nc3 Bb7 5. e3 Bb4 6. Be2 Ne4 7. Qc2 O-O 8. O-O Bxc3
9. bxc3 f5 10. Nd2 Qh4 11. Nf3 Qh6 12. Rd1 d6 13. d5 e5 14. Nd2 Nxd2 15. Bxd2 Nd7
16. Be1 Nc5 17. a4 a5 18. Rab1 Bc8 19. Bf3 Bd7 20. Ra1 Qg6 21. g3 Qe8 22. Rdb1 Bxa4
23. Qd2 Bd7 24. Bg2 Qf7 25. Qd1 Rae8 26. Qd2 f4 27. exf4 exf4 28. Qd4 f3 29. Bf1
Qh5 30. Bd2 Bh3 31. Qh4 Qxh4 32. gxh4 Bxf1 33. Kxf1 Re2 34. Be3 Ne4 35. Re1 Nxc3
36. Rac1 Rxe1+ 37. Kxe1 Ne4 38. Rb1 Re8 39. Kf1 Kf7 40. Rb2 Kg6 41. Rc2 Kh5 42. Rb2
Kxh4 43. Bd4 g6 44. Kg1 Kg4 45. Rb1 Nd2 46. Rc1 Re2 47. Be3 Nxc4 48. h3+ Kxh3 49.
Bf4 b5 50. Kf1 a4 51. Be3 a3 52. Rb1 a2 53. Ra1 Nxe3+ 54. fxe3 Rb2 55. e4 Rb1+ 56.
Kf2 Rxa1 57. e5 Rf1+ 58. Kxf1 a1=Q+ 59. Kf2 Kg4 60. exd6 Qd4+ 61. Ke1 Qd3 62. dxc7
Qe2#  0-1

[Event "1. OEsterreichische Internet Schach Meisterschaft - Vorrunde 3"]
[Site "Online - Playchess.com"]
[Date ""]
[Round "8"]
[Board "22"]
[White "Kreutzmann, Duke"]
[Black "Bachler, Reinhard"]
[Result "1-0"]
[WhiteElo "2036"]
[BlackElo "2143"]
[PlyCount "41"]
[EventDate "2020.04.17"]
[EventRounds "9"]
[EventCountry "AUT"]

1. Nf3 f5 2. d4 Nf6 3. Bg5 Ne4 4. Bf4 c5 5. e3 Qb6 6. Qc1 e6 7. c3 Nc6 8. Nbd2 Be7
9. Nxe4 fxe4 10. Ne5 d6 11. Nc4 Qd8 12. dxc5 dxc5 13. Qc2 O-O 14. Qxe4 e5 15. Nxe5
Nxe5 16. Bxe5 Qb6 17. Bc4+ Kh8 18. Bxg7+ Kxg7 19. Qxe7+ Kg6 20. Qxf8 Qxb2 21. O-O
 1-0

[Event "1. OEsterreichische Internet Schach Meisterschaft - Vorrunde 3"]
[Site "Online - Playchess.com"]
[Date ""]
[Round "8"]
[Board "23"]
[White "Schernthaner, David"]
[Black "Auinger, Marcel"]
[Result "1-0"]
[WhiteElo "2220"]
[BlackElo "1808"]
[PlyCount "125"]
[EventDate "2020.04.17"]
[EventRounds "9"]
[EventCountry "AUT"]

1. e4 c6 2. d4 d5 3. Nd2 dxe4 4. Nxe4 Bf5 5. Qf3 Bxe4 6. Qxe4 Nf6 7. Qd3 e6 8. Nf3
Nbd7 9. Bf4 Nb6 10. O-O-O Bd6 11. Bg5 Qc7 12. Kb1 O-O-O 13. c3 c5 14. Qc2 cxd4 15.
Nxd4 Bc5 16. Nb5 Qb8 17. Bd3 a6 18. Nd4 Qc7 19. Nb3 h6 20. Nxc5 hxg5 21. Ne4 Nxe4
22. Bxe4 Rxd1+ 23. Rxd1 Rxh2 24. Qd2 f6 25. Qe3 Rh8 26. Bc2 e5 27. Bf5+ Kb8 28. Qd3
Ka7 29. b3 Rb8 30. Kb2 Rh8 31. a4 a5 32. Qb5 Qc6 33. Qxa5+ Kb8 34. Rd2 Rf8 35. Qb4
Rf7 36. a5 Nc8 37. Rd8 Rc7 38. Be4 Qa6 39. c4 Qe6 40. Ka3 f5 41. Bd5 Qe7 42. Qxe7
Rxe7 43. Rg8 Kc7 44. Kb4 e4 45. Kc5 b6+ 46. axb6+ Nxb6 47. Kd4 Nxd5 48. cxd5 Kd6
49. Rd8+ Kc7 50. Rf8 g6 51. Rf6 Rg7 52. d6+ Kd7 53. Kd5 g4 54. g3 Rg8 55. Rf7+ Ke8
56. Ke6 Kd8 57. b4 Re8+ 58. Re7 Rxe7+ 59. dxe7+ Ke8 60. b5 f4 61. b6 fxg3 62. b7
gxf2 63. b8=Q#  1-0

[Event "1. OEsterreichische Internet Schach Meisterschaft - Vorrunde 3"]
[Site "Online - Playchess.com"]
[Date ""]
[Round "8"]
[Board "24"]
[White "Nisavic, Uros"]
[Black "Frank, Paul"]
[Result "0-1"]
[WhiteElo "2073"]
[BlackElo "2208"]
[PlyCount "86"]
[EventDate "2020.04.17"]
[EventRounds "9"]
[EventCountry "AUT"]

1. d4 Nf6 2. c4 g6 3. Nc3 d5 4. cxd5 Nxd5 5. e4 Nxc3 6. bxc3 Bg7 7. Nf3 O-O 8. Be3
c5 9. Qd2 Qa5 10. Rc1 cxd4 11. cxd4 Qxd2+ 12. Bxd2 Rd8 13. Be3 e6 14. h4 Nc6 15.
e5 Nb4 16. Bg5 Rd5 17. a3 Nc6 18. h5 Nxd4 19. Nxd4 Rxd4 20. hxg6 hxg6 21. Bf6 Bd7
22. Rc7 Bc6 23. f3 Bxf6 24. exf6 Rf4 25. Bc4 Rxf6 26. Ke2 Rd8 27. Rb1 Rf4 28. Bb5
Bxb5+ 29. Rxb5 Rb8 30. Rb3 a5 31. Rd3 b5 32. Rdd7 b4 33. Ke3 Rf6 34. axb4 axb4 35.
g4 e5 36. Ke4 Rf4+ 37. Ke3 Kg7 38. Re7 Rb5 39. Rxe5 Rxe5+ 40. Kxf4 Rb5 41. Rc2 b3
42. Rb2 Kf6 43. Kg3 Ke5  0-1

[Event "1. OEsterreichische Internet Schach Meisterschaft - Vorrunde 3"]
[Site "Online - Playchess.com"]
[Date ""]
[Round "8"]
[Board "25"]
[White "Poecksteiner, Johann"]
[Black "Moritz, Christian"]
[Result "1-0"]
[WhiteElo "2155"]
[BlackElo "2077"]
[PlyCount "51"]
[EventDate "2020.04.17"]
[EventRounds "9"]
[EventCountry "AUT"]

1. e4 e6 2. Nf3 d5 3. Nc3 c5 4. Bb5+ Nc6 5. O-O Nf6 6. exd5 exd5 7. d4 a6 8. Re1+
Be6 9. Bxc6+ bxc6 10. Ng5 Qd7 11. dxc5 Bxc5 12. Be3 d4 13. Na4 Ba7 14. Nxe6 fxe6
15. Bg5 O-O 16. Qd3 Nd5 17. Re4 Rf5 18. Bd2 Raf8 19. f3 c5 20. b3 Rh5 21. Rae1 Rf6
22. g3 Qf7 23. f4 Rg6 24. Re5 Rxe5 25. Rxe5 Rg4 26. Qe4  1-0

[Event "1. OEsterreichische Internet Schach Meisterschaft - Vorrunde 3"]
[Site "Online - Playchess.com"]
[Date ""]
[Round "8"]
[Board "26"]
[White "Schroettner, Martin"]
[Black "Strodl, Joachim"]
[Result "1/2-1/2"]
[WhiteElo "1934"]
[BlackElo "2137"]
[PlyCount "44"]
[EventDate "2020.04.17"]
[EventRounds "9"]
[EventCountry "AUT"]

1. Nf3 Nf6 2. c4 c5 3. Nc3 g6 4. g3 Bg7 5. Bg2 O-O 6. O-O Nc6 7. d4 cxd4 8. Nxd4
Nxd4 9. Qxd4 d6 10. b3 Qa5 11. Bb2 Ne4 12. Qxe4 Bxc3 13. Bxc3 Qxc3 14. Qxe7 Qb4 15.
Qf6 Be6 16. h4 Qc5 17. Bf3 Rab8 18. Rad1 b5 19. h5 Qe5 20. Qxe5 dxe5 21. hxg6 hxg6
22. cxb5 Rxb5  1/2-1/2

[Event "1. OEsterreichische Internet Schach Meisterschaft - Vorrunde 3"]
[Site "Online - Playchess.com"]
[Date ""]
[Round "8"]
[Board "27"]
[White "Missethan, Michael"]
[Black "Kuecher, Wolfgang"]
[Result "0-1"]
[WhiteElo "2015"]
[BlackElo "2117"]
[PlyCount "108"]
[EventDate "2020.04.17"]
[EventRounds "9"]
[EventCountry "AUT"]

1. e4 g6 2. d4 Bg7 3. Nf3 d6 4. Bd3 a6 5. c3 Nc6 6. O-O e5 7. Be3 Nge7 8. Nbd2 h6
9. d5 Nb8 10. Ne1 O-O 11. Nc4 f5 12. f3 f4 13. Bf2 g5 14. Nd2 Nd7 15. b4 Nf6 16.
c4 h5 17. c5 Ng6 18. cxd6 cxd6 19. Nc4 g4 20. Bb6 Qe7 21. Kh1 g3 22. a4 Nh7 23. Rc1
h4 24. Na5 h3 25. Rc7 Qh4 26. Qe2 hxg2+ 27. Qxg2 Bh3 28. Qg1 Bxf1 29. Bxf1 Rf7 30.
Nxb7 gxh2 31. Qxh2 Qxe1 32. Qg1 Qh4+ 33. Qh2 Qxh2+ 34. Kxh2 Rb8 35. Nxd6 Rxc7 36.
Bxc7 Rxb4 37. a5 Ng5 38. Bg2 Rb2 39. Nf5 Nxf3+ 40. Kh1 Rb1+ 41. Bf1 Rxf1+ 42. Kg2
Nd2 43. d6 Bf6 44. d7 Nh4+ 45. Kh3 Nxf5 46. exf5 Ne4 47. Bxe5 Rd1 48. Bxf4 Rxd7 49.
Kg4 Rd4 50. Bc7 Nc5+ 51. Kf3 Nb3 52. Bb6 Ra4 53. Ke3 Bd4+ 54. Bxd4 Nxd4  0-1

[Event "1. OEsterreichische Internet Schach Meisterschaft - Vorrunde 3"]
[Site "Online - Playchess.com"]
[Date ""]
[Round "8"]
[Board "28"]
[White "Leisch, Lukas"]
[Black "Dreher, David"]
[Result "1-0"]
[WhiteElo "2362"]
[BlackElo "1888"]
[PlyCount "103"]
[EventDate "2020.04.17"]
[EventRounds "9"]
[EventCountry "AUT"]

1. c4 f5 2. d4 Nf6 3. Nc3 e6 4. Qc2 d5 5. Nf3 c6 6. Bf4 Bd6 7. Bxd6 Qxd6 8. e3 O-O
9. Bd3 Bd7 10. c5 Qe7 11. Ne5 Be8 12. O-O-O Nbd7 13. f4 Ne4 14. Nxe4 fxe4 15. Be2
Nxe5 16. fxe5 b6 17. cxb6 axb6 18. Kb1 c5 19. Rhf1 Bd7 20. Rxf8+ Rxf8 21. Rf1 Rxf1+
22. Bxf1 cxd4 23. exd4 Qb4 24. Qc3 Qxc3 25. bxc3 Kf8 26. Kc2 Ke7 27. Kb3 Kd8 28.
Kb4 Kc7 29. c4 Bc6 30. g3 g5 31. c5 h6 32. h4 Be8 33. Bh3 gxh4 34. gxh4 Bf7 35. a4
Bg8 36. Kb5 bxc5 37. Kxc5 Bf7 38. Bg4 e3 39. Be2 Be8 40. a5 Bc6 41. a6 Ba8 42. Bb5
Bc6 43. Be2 Bd7 44. a7 Kb7 45. Kd6 Bc8 46. a8=Q+ Kxa8 47. Kc7 Ka7 48. Kxc8 Kb6 49.
Kd7 Ka5 50. Kxe6 Kb4 51. Kxd5 Kc3 52. Ke4  1-0

[Event "1. OEsterreichische Internet Schach Meisterschaft - Vorrunde 3"]
[Site "Online - Playchess.com"]
[Date ""]
[Round "8"]
[Board "29"]
[White "Katter, Katharina"]
[Black "Neuschmied, Siegfried"]
[Result "1/2-1/2"]
[WhiteElo "1930"]
[BlackElo "2268"]
[PlyCount "152"]
[EventDate "2020.04.17"]
[EventRounds "9"]
[EventCountry "AUT"]

1. d4 Nf6 2. Nf3 d5 3. c4 e6 4. e3 a6 5. Nc3 dxc4 6. Bxc4 b5 7. Bd3 Bb7 8. O-O Nbd7
9. a3 c5 10. dxc5 Bxc5 11. b4 Be7 12. Bb2 O-O 13. Rc1 Rc8 14. Qe2 Qb6 15. Rfd1 Rc7
16. e4 Rfc8 17. Bb1 Qa7 18. Qd3 g6 19. h3 Nb6 20. Ne2 Nc4 21. Bd4 Qa8 22. Ng3 Ne5
23. Qe3 Nxf3+ 24. gxf3 Rxc1 25. Rxc1 Rxc1+ 26. Qxc1 Qc8 27. Qxc8+ Bxc8 28. Bd3 Nd7
29. f4 Bd8 30. Ne2 Bb7 31. f3 Bc7 32. Kf2 e5 33. fxe5 Nxe5 34. Ke3 f6 35. f4 Nxd3
36. Kxd3 Kf7 37. e5 Bc8 38. exf6 Bxh3 39. Be5 Bd8 40. Ke4 Bg2+ 41. Kd4 Bxf6 42. Nc3
h5 43. a4 bxa4 44. Nxa4 h4 45. Bxf6 Kxf6 46. Ke3 Kf5 47. Nc5 Bf1 48. Kf2 Bc4 49.
Nd7 Kxf4 50. Nb6 Bb5 51. Nd5+ Ke4 52. Ne7 g5 53. Ng6 g4 54. Nxh4 Kd4 55. Kg3 Bd7
56. Ng6 Be6 57. Nf4 Bc8 58. Ng6 Kc4 59. Ne7 Bd7 60. Ng6 Kxb4 61. Ne5 Bc8 62. Nc6+
Kc5 63. Ne7 Be6 64. Ng6 a5 65. Ne5 Bc8 66. Nd3+ Kc4 67. Nb2+ Kb3 68. Nd3 a4 69. Nc5+
Kb2 70. Nxa4+ Kb3 71. Nb6 Be6 72. Na8 Kb4 73. Nc7 Bf5 74. Ne8 Kc5 75. Nf6 Kd6 76.
Nxg4 Bxg4  1/2-1/2

[Event "1. OEsterreichische Internet Schach Meisterschaft - Vorrunde 3"]
[Site "Online - Playchess.com"]
[Date ""]
[Round "8"]
[Board "30"]
[White "Charaus, Florian"]
[Black "Postl, Anton"]
[Result "1-0"]
[WhiteElo "2055"]
[BlackElo "2290"]
[PlyCount "65"]
[EventDate "2020.04.17"]
[EventRounds "9"]
[EventCountry "AUT"]

1. d4 Nf6 2. c4 g6 3. Nc3 Bg7 4. e4 d6 5. Be2 O-O 6. Be3 e5 7. d5 a5 8. g4 Na6 9.
g5 Ne8 10. h4 f5 11. gxf6 Nxf6 12. h5 gxh5 13. Bxh5 Nc5 14. f3 Bd7 15. Qe2 c6 16.
O-O-O cxd5 17. Nxd5 Nxd5 18. cxd5 a4 19. Nh3 a3 20. Rdg1 axb2+ 21. Kb1 Na4 22. Qd2
Rc8 23. Ng5 Nc3+ 24. Kxb2 Qa5 25. Ka1 Ra8 26. Rh2 h6 27. Ne6 Bxe6 28. dxe6 Rfc8 29.
Bf7+ Kf8 30. Bxh6 Bxh6 31. Qxh6+ Ke7 32. Qg5+ Kf8 33. Rh8#  1-0

[Event "1. OEsterreichische Internet Schach Meisterschaft - Vorrunde 3"]
[Site "Online - Playchess.com"]
[Date ""]
[Round "8"]
[Board "31"]
[White "Lerch, Johannes"]
[Black "Steindl, Johannes"]
[Result "0-1"]
[WhiteElo "2005"]
[BlackElo "2278"]
[PlyCount "58"]
[EventDate "2020.04.17"]
[EventRounds "9"]
[EventCountry "AUT"]

1. e4 d5 2. exd5 Qxd5 3. Nc3 Qe6+ 4. Be2 Qg6 5. Bf3 Nc6 6. g3 Nd4 7. Be4 Bf5 8. d3
Bxe4 9. Nxe4 e5 10. Nf3 Nxf3+ 11. Qxf3 O-O-O 12. O-O f5 13. Nc3 Nf6 14. Be3 Kb8 15.
Nb5 a6 16. Nc3 Bd6 17. b4 e4 18. dxe4 fxe4 19. Qe2 Be5 20. Qc4 Ng4 21. Rad1 Qh5 22.
h4 Nxe3 23. fxe3 Rxd1 24. Nxd1 Qg4 25. Kf2 Bxg3+ 26. Kg2 Be5+ 27. Kh1 Qxh4+ 28. Kg2
Qg3+ 29. Kh1 Qh2#  0-1

[Event "1. OEsterreichische Internet Schach Meisterschaft - Vorrunde 3"]
[Site "Online - Playchess.com"]
[Date ""]
[Round "8"]
[Board "32"]
[White "Buchegger, Fridolin"]
[Black "Breneis, Lukas"]
[Result "0-1"]
[WhiteElo "1827"]
[BlackElo "2257"]
[PlyCount "76"]
[EventDate "2020.04.17"]
[EventRounds "9"]
[EventCountry "AUT"]

1. e4 e5 2. Nf3 Qe7 3. Nc3 c6 4. Bc4 h6 5. O-O d6 6. d4 Bg4 7. dxe5 dxe5 8. Be3 Nf6
9. h3 Bh5 10. Qe2 g5 11. Rfd1 g4 12. hxg4 Bxg4 13. Bd2 Nbd7 14. Be3 h5 15. Rd2 Bh6
16. Bxh6 Rxh6 17. Qe3 Rh7 18. Ng5 Rg7 19. Nf3 Bh3 20. Bf1 Bg4 21. Nh2 Be6 22. Rad1
Kf8 23. Nf3 Kg8 24. Nh4 Ng4 25. Qg3 Nh6 26. Qh2 Kh7 27. Nf5 Bxf5 28. exf5 Nf6 29.
Bd3 Rag8 30. g3 e4 31. Nxe4 Nxe4 32. Re2 Qg5 33. Bxe4 f6 34. Bf3 h4 35. Kf1 Nxf5
36. Be4 Rg6 37. gxh4 Qg1+ 38. Qxg1 Rxg1#  0-1

[Event "1. OEsterreichische Internet Schach Meisterschaft - Vorrunde 3"]
[Site "Online - Playchess.com"]
[Date ""]
[Round "8"]
[Board "33"]
[White "Fuchs, Georg"]
[Black "Guetz, Wolfgang"]
[Result "1-0"]
[WhiteElo "2211"]
[BlackElo "2078"]
[PlyCount "117"]
[EventDate "2020.04.17"]
[EventRounds "9"]
[EventCountry "AUT"]

1. e4 c5 2. Nf3 d6 3. Nc3 Nc6 4. d4 cxd4 5. Nxd4 Nf6 6. Be2 e5 7. Nb3 Be7 8. O-O
O-O 9. Be3 Be6 10. Bf3 a5 11. Na4 d5 12. exd5 Nxd5 13. Bxd5 Qxd5 14. Qxd5 Bxd5 15.
Nb6 Rad8 16. Nxd5 Rxd5 17. c4 Rd7 18. Bb6 a4 19. Nc5 Bxc5 20. Bxc5 Rc8 21. Rfd1 Nd4
22. Bxd4 exd4 23. Rac1 Kf8 24. Kf1 Ke7 25. b4 axb3 26. axb3 Ra8 27. b4 Ra2 28. c5
d3 29. b5 d2 30. Rc3 Kd8 31. Ke2 Kc7 32. Rd3 Re7+ 33. Kf3 Re5 34. b6+ Kc6 35. Rd6+
Kxc5 36. Rd7 Kc6 37. R1xd2 Rxd2 38. Rxd2 Kxb6 39. Rd7 Rf5+ 40. Ke3 Rf6 41. h4 Kc6
42. Rd8 b5 43. g4 Kc5 44. g5 Rd6 45. Rg8 g6 46. Rg7 Rd7 47. Rxh7 b4 48. h5 gxh5 49.
g6 b3 50. g7 Re7+ 51. Kf3 Re8 52. Rh8 b2 53. Rxe8 b1=Q 54. g8=Q Qf5+ 55. Ke3 Qh3+
56. Qg3 Qd7 57. Qe5+ Kb6 58. Qd4+ Ka5 59. Qxd7  1-0

[Event "1. OEsterreichische Internet Schach Meisterschaft - Vorrunde 3"]
[Site "Online - Playchess.com"]
[Date ""]
[Round "8"]
[Board "34"]
[White "Schloffer, Jasmin-Denise"]
[Black "Gelbenegger, Patrick"]
[Result "1-0"]
[WhiteElo "2110"]
[BlackElo "2240"]
[PlyCount "115"]
[EventDate "2020.04.17"]
[EventRounds "9"]
[EventCountry "AUT"]

1. d4 d5 2. c4 e6 3. Nc3 c6 4. e3 h5 5. Nf3 h4 6. h3 Nf6 7. Bd3 dxc4 8. Bxc4 Nd5
9. e4 Nxc3 10. bxc3 c5 11. Rb1 cxd4 12. cxd4 b6 13. O-O Bb7 14. Bb5+ Bc6 15. Bxc6+
Nxc6 16. Qa4 Qd7 17. Bf4 Ne5 18. Qxd7+ Nxd7 19. Rfc1 Nf6 20. Ng5 Rd8 21. Be5 Nh5
22. Rc7 Be7 23. Nf3 f6 24. Bh2 Rd7 25. Rbc1 Bd8 26. Rxd7 Kxd7 27. Nxh4 g5 28. Nf3
Ng7 29. Kf1 Ne8 30. Ke2 Nd6 31. Kd3 f5 32. Ne5+ Ke8 33. Ng6 Rg8 34. Bxd6 Rxg6 35.
exf5 exf5 36. Re1+ Kd7 37. Be5 Rc6 38. Re2 Be7 39. Rc2 Rxc2 40. Kxc2 Ke6 41. Kd3
Kd5 42. Bb8 a6 43. Ba7 b5 44. Bb6 Bf6 45. g3 Bg7 46. h4 gxh4 47. gxh4 Bh6 48. h5
f4 49. Ba5 f3 50. Bd2 Bg7 51. h6 Bxd4 52. h7 b4 53. Bxb4 Kc6 54. Bc3 Kb5 55. Bxd4
Ka4 56. h8=Q a5 57. Qg8 Kb4 58. Qb3#  1-0

[Event "1. OEsterreichische Internet Schach Meisterschaft - Vorrunde 3"]
[Site "Online - Playchess.com"]
[Date ""]
[Round "8"]
[Board "35"]
[White "Brod, Manfred"]
[Black "Simon, Christopher"]
[Result "1-0"]
[WhiteElo "2211"]
[BlackElo "1824"]
[PlyCount "83"]
[EventDate "2020.04.17"]
[EventRounds "9"]
[EventCountry "AUT"]

1. e4 g6 2. d4 Bg7 3. Nc3 d6 4. Be3 Nf6 5. Qd2 O-O 6. h3 Re8 7. Nf3 a6 8. Bd3 b5
9. a4 b4 10. Nd1 a5 11. c3 c5 12. dxc5 dxc5 13. Bxc5 Qc7 14. Bd4 e5 15. Be3 Rd8 16.
Qc2 Nc6 17. O-O b3 18. Qe2 Bb7 19. Bg5 Ne7 20. Bxf6 Bxf6 21. Ne3 Rd7 22. c4 Rad8
23. Nd5 Nxd5 24. cxd5 Qb6 25. Rfc1 Bg7 26. Qd2 Rc8 27. Rxc8+ Bxc8 28. Rc1 Rc7 29.
Bb5 Bf8 30. Rc6 Rxc6 31. dxc6 Bb4 32. Qd3 Be6 33. Nxe5 Qc5 34. Nc4 Qg5 35. Qxb3 Qc1+
36. Kh2 Bd6+ 37. g3 Qf1 38. Nxd6 Qxh3+ 39. Kg1 Bxb3 40. c7 Bd1 41. c8=Q+ Kg7 42.
Qxh3  1-0

[Event "1. OEsterreichische Internet Schach Meisterschaft - Vorrunde 3"]
[Site "Online - Playchess.com"]
[Date ""]
[Round "8"]
[Board "36"]
[White "Juenger, Heinz"]
[Black "Kozissnik, Christian"]
[Result "1-0"]
[WhiteElo "2165"]
[BlackElo "2023"]
[PlyCount "135"]
[EventDate "2020.04.17"]
[EventRounds "9"]
[EventCountry "AUT"]

1. e4 e6 2. d4 d5 3. exd5 exd5 4. Nf3 Nf6 5. Bd3 g6 6. O-O Bg7 7. Re1+ Be6 8. Ng5
Qd7 9. Nxe6 fxe6 10. Qe2 Kf7 11. Nd2 Re8 12. Nf3 Kg8 13. Bf4 Nc6 14. c3 Re7 15. Bg5
Rae8 16. Ne5 Qd6 17. Bb5 Rf8 18. Bxc6 bxc6 19. h3 Ree8 20. f3 Nd7 21. Nxd7 Qxd7 22.
Qa6 e5 23. dxe5 Rxe5 24. Rxe5 Bxe5 25. Re1 Qf5 26. Qe2 Re8 27. Qd2 Kf7 28. Be3 Bd6
29. Bd4 Bf4 30. Qd1 Rb8 31. Qe2 Qd7 32. b4 Bd6 33. Bxa7 Ra8 34. Bd4 Rd8 35. a4 Bg3
36. Ra1 Re8 37. Qd2 Bd6 38. Re1 Rxe1+ 39. Qxe1 Qf5 40. Kf2 Qc2+ 41. Qe2 Qxa4 42.
Qd2 Qb3 43. g3 Qc4 44. Qe2 Qb3 45. f4 Qb1 46. Kf3 Qf5 47. Kg2 Qe4+ 48. Qxe4 dxe4
49. Kf2 Ke6 50. Ke3 Kd5 51. Bf6 c5 52. bxc5 Bxc5+ 53. Bd4 Bd6 54. Bg7 Bc5+ 55. Bd4
Bxd4+ 56. cxd4 c6 57. g4 h6 58. h4 h5 59. g5 Kd6 60. Kxe4 Ke6 61. f5+ gxf5+ 62. Kf4
Kd5 63. g6 Ke6 64. Kg5 f4 65. Kh6 f3 66. g7 f2 67. g8=Q+ Ke7 68. Qg2  1-0

[Event "1. OEsterreichische Internet Schach Meisterschaft - Vorrunde 3"]
[Site "Online - Playchess.com"]
[Date ""]
[Round "8"]
[Board "37"]
[White "Doskocil, Klaus"]
[Black "Birklbauer, Toni"]
[Result "1-0"]
[WhiteElo "2157"]
[BlackElo "2034"]
[PlyCount "167"]
[EventDate "2020.04.17"]
[EventRounds "9"]
[EventCountry "AUT"]

1. e4 c5 2. Nf3 Nc6 3. d4 cxd4 4. Nxd4 Nf6 5. Nc3 e5 6. Ndb5 d6 7. Bg5 a6 8. Na3
Be6 9. Nc4 Rc8 10. Ne3 Be7 11. Bxf6 Bxf6 12. Be2 Bg5 13. Ned5 O-O 14. O-O Nd4 15.
Bd3 g6 16. Kh1 Bh6 17. a3 f5 18. f3 Qh4 19. Qe1 Qd8 20. Rd1 Bxd5 21. exd5 b5 22.
Ne2 Nxc2 23. Bxc2 Rxc2 24. Rb1 Qb6 25. Nc3 b4 26. Na4 Qb5 27. Qxb4 Qxb4 28. axb4
Rb8 29. Rfc1 Rxc1+ 30. Rxc1 Rxb4 31. Ra1 e4 32. fxe4 fxe4 33. Kg1 e3 34. Kf1 Rd4
35. Nc3 Rd2 36. Rxa6 Rxb2 37. Rxd6 Bg7 38. Rc6 Rc2 39. Ne2 Rxc6 40. dxc6 Be5 41.
g3 Kf7 42. Nc1 Ke6 43. Ke2 Bd4 44. Kd3 Bb6 45. Ne2 Kd6 46. Nf4 Kxc6 47. Ne6 h5 48.
Nf4 g5 49. Nxh5 Kd5 50. Nf6+ Ke5 51. Ne4 Kf5 52. h3 Ba7 53. Nd6+ Kg6 54. Ne4 Kf5
55. Nd6+ Kg6 56. Nc4 Kf5 57. Nxe3+ Kg6 58. Ke4 Bxe3 59. Kxe3 Kf5 60. Kf3 Kf6 61.
Kg4 Kg6 62. Kf3 Kf5 63. Ke3 Ke5 64. g4 Kf6 65. Kd4 Ke6 66. Ke4 Kf6 67. Kd5 Kf7 68.
Ke5 Kg6 69. Ke6 Kg7 70. Kf5 Kh6 71. Kf6 Kh7 72. Kxg5 Kg7 73. h4 Kh7 74. h5 Kg7 75.
Kf5 Kh6 76. Kf6 Kh7 77. g5 Kh8 78. g6 Kg8 79. h6 Kh8 80. g7+ Kh7 81. Kf7 Kxh6 82.
g8=Q Kh5 83. Qg3 Kh6 84. Qg6#  1-0

[Event "1. OEsterreichische Internet Schach Meisterschaft - Vorrunde 3"]
[Site "Online - Playchess.com"]
[Date ""]
[Round "8"]
[Board "38"]
[White "Wagner, Leopold Franziskus"]
[Black "Balint, Peter"]
[Result "1-0"]
[WhiteElo "2168"]
[BlackElo "2105"]
[PlyCount "67"]
[EventDate "2020.04.17"]
[EventRounds "9"]
[EventCountry "AUT"]

1. e4 e5 2. Nf3 Nc6 3. Bb5 Nf6 4. d3 d6 5. O-O Be7 6. Nc3 O-O 7. Bg5 h6 8. Bh4 Bg4
9. h3 Bh5 10. Bxf6 Bxf6 11. Nd5 Nd4 12. Bc4 c6 13. Ne3 Qd7 14. g4 Bg6 15. c3 Nxf3+
16. Qxf3 h5 17. gxh5 Bh7 18. Kh1 Kh8 19. Rg1 a5 20. h6 a4 21. a3 b5 22. Ba2 Ra7 23.
Rg2 Rg8 24. Rag1 Qe7 25. hxg7+ Bxg7 26. Nf5 Bxf5 27. Qxf5 Qh4 28. Rg5 f6 29. Rh5+
Qxh5 30. Qxh5+ Bh6 31. Rxg8+ Kh7 32. Rh8+ Kxh8 33. Qxh6+ Rh7 34. Qf8#  1-0

[Event "1. OEsterreichische Internet Schach Meisterschaft - Vorrunde 3"]
[Site "Online - Playchess.com"]
[Date ""]
[Round "8"]
[Board "39"]
[White "Wiedermann, Daniel"]
[Black "Haas, Gerald"]
[Result "1-0"]
[WhiteElo "2048"]
[BlackElo "1906"]
[PlyCount "109"]
[EventDate "2020.04.17"]
[EventRounds "9"]
[EventCountry "AUT"]

1. d4 d5 2. c4 e6 3. Nc3 Nf6 4. cxd5 exd5 5. Bg5 Be6 6. e3 Be7 7. Bd3 Nbd7 8. Nge2
a6 9. O-O O-O 10. Qc2 h6 11. Bh4 c5 12. Rad1 c4 13. Bf5 Bxf5 14. Qxf5 g6 15. Qh3
Kg7 16. f3 Nb6 17. Bg3 Nh5 18. Be5+ f6 19. Bg3 f5 20. Nf4 Nxf4 21. Bxf4 g5 22. Qg3
Kh7 23. Bc7 Qd7 24. Bxb6 f4 25. exf4 gxf4 26. Qg4 Qd6 27. Bc5 Qf6 28. Nxd5 Qg5 29.
Nxe7 b6 30. Qxg5 hxg5 31. Bd6 Rad8 32. Be5 Rfe8 33. Nf5 Kg6 34. Nd6 Re6 35. Nxc4
b5 36. Na3 Kf5 37. Rfe1 Rh6 38. h3 Rd7 39. Nc2 Rf7 40. Nb4 g4 41. hxg4+ Kg5 42. Nd5
Rh4 43. Re4 Rfh7 44. Bf6+ Kg6 45. Bxh4 Rxh4 46. Nxf4+ Kg5 47. Nh3+ Kf6 48. d5 Rh8
49. d6 Rd8 50. d7 Kf7 51. Ng5+ Kf8 52. Ne6+ Ke7 53. Nxd8+ Kxd8 54. Re8+ Kc7 55. d8=Q+
 1-0

[Event "1. OEsterreichische Internet Schach Meisterschaft - Vorrunde 3"]
[Site "Online - Playchess.com"]
[Date ""]
[Round "8"]
[Board "40"]
[White "Sulzbacher, Michael"]
[Black "Kienboeck, Benjamin"]
[Result "1-0"]
[WhiteElo "2018"]
[BlackElo "1922"]
[PlyCount "59"]
[EventDate "2020.04.17"]
[EventRounds "9"]
[EventCountry "AUT"]

1. Nc3 d5 2. e4 dxe4 3. Nxe4 e5 4. Nf3 Nf6 5. Neg5 h6 6. Nxf7 Kxf7 7. Nxe5+ Kg8 8.
Bc4+ Nd5 9. Qf3 Be6 10. Ng6 Qe8 11. Nxh8 Bg4+ 12. Qe3 Qxe3+ 13. dxe3 c6 14. Ng6 Bb4+
15. c3 Ba5 16. Bxd5+ cxd5 17. Ne7+ Kf7 18. Nxd5 Nc6 19. O-O Rd8 20. e4 Ne5 21. Be3
Nc4 22. Bxa7 Nxb2 23. Rab1 Nc4 24. Rxb7+ Kg8 25. Rb8 Rxb8 26. Bxb8 Nd2 27. Re1 Be6
28. Re2 Nxe4 29. Rxe4 Bxd5 30. Re5  1-0